000 00793naa a2200205 i 4500
001 9885
003 ES-MaBCM
005 20241016091414.0
008 900524s1990 usa 000 0 eng d
021 _axx
035 _a(OCoLC)1365227550
040 _cES-MaBCM
041 0 _aeng
043 _ausa
245 0 0 _aWhat obligation does our generation to the next?
_b: an approach to global environmental responsibility
520 _aNuestra obligación y responsabilidad hacia las futuras generaciones de preservar el medio ambiente. Comentarios sobre las paradojas de Derek Parfit y la nueva teoría del caos
650 2 7 _aProtección del medio ambiente
_959954
773 0 _aEn:
_tAmerican journal of international law
_dWashington : 1990
_w104703
_gnº 1, enero ; p. 190-212
942 _cAREV
999 _c9885
_d9885